000 00590nam a2200205Ia 4500
001 12919
003 GE_BSU
008 181216s||||||||xx |||||||||||||| ||und||
040 _cGE_BSU
080 _a635
100 _aШеремевский,П.В.
245 _aОвощеводство в парниках и теплицах
245 _cРед.П.К.Епин
260 _aМосква
260 _bОгиз-сельхозгиз
260 _c1945
300 _a204стр.илл.20см.
653 _aОвощеводство в парниках и теплицах
942 _cBK
999 _c46089
_d46089